00387nam a22000977a 4500008004100000050001300041245013400054260006300188300001700251800002100268160909b xxu||||| |||| 00| 0 eng d a561/2009 aConditions of work of employees in some selected manufacturing companies in the Tema Metropolis: An assessment. /cOsumanu Salifu aAccra:bWisconsin International University College,c2009. avarious pgs: aOsumanu, Salifu.